000 00882nam a2200277Ia 4500
003 OSt
005 20220918171409.0
006 a|||||r|||| 00| 0
007 ta
008 220917b |||||||| |||| 00| 0 eng d
020 _a9781619251908 (hbk)
_c10325.70
024 _a283,853
037 _b1094, 11/02/2015, Adity Books Pvt. Ltd.
_cTextual
040 _aARTS
_cARTS
_beng
041 _2eng
_aeng
082 _a2:55, K51;Q4
100 _aBristow Barbara A.
_936343
245 0 _aSears list of subject headings
250 _a21st
260 _aMassachusetts
_bGrey House Publishing UK
_c2014
300 _aliii, 946p.
_ccm.
650 _aLIBRARY SCIENCE
700 _a Farrar Christi Showman
_936344
942 _h2:55, K51;Q4
_cTEXL
_2CC
999 _c139397
_d139397